00309pab a2200121 454500008004000000100001600040245005000056260000900106300001000115362000900125650003000134773002300164180718b1988 xxu||||| |||| 00| 0 eng d aBajwa, K.S. aIssues before Indian banks in computerisation c1988 a26-34 aNov. aComputers - Banks - India aPNB Monthly Review